Why? / (Record no. 111820)
[ view plain ]
| 000 -LEADER | |
|---|---|
| fixed length control field | 00487nam a2200169 a 4500 |
| 001 - CONTROL NUMBER | |
| control field | 2197 |
| 005 - DATE AND TIME OF LATEST TRANSACTION | |
| control field | 20140414131922.0 |
| 008 - FIXED-LENGTH DATA ELEMENTS--GENERAL INFORMATION | |
| fixed length control field | 030207s19uu xx 00 eng d |
| 050 ## - LIBRARY OF CONGRESS CALL NUMBER | |
| Classification number | ER |
| Item number | W55 1985 |
| 100 ## - MAIN ENTRY--PERSONAL NAME | |
| Personal name | Smith, Kathie Billingslea |
| 245 ## - TITLE STATEMENT | |
| Title | Why? / |
| Statement of responsibility, etc | by Kathie Billingslea Smith ; illustrated by Roberts S. Storms. |
| 260 ## - PUBLICATION, DISTRIBUTION, ETC. (IMPRINT) | |
| Place of publication, distribution, etc | Matrinez, CA : |
| Name of publisher, distributor, etc | Discover Toys. |
| 300 ## - PHYSICAL DESCRIPTION | |
| Extent | p. : ill. ; cm. |
| 440 ## - SERIES STATEMENT/ADDED ENTRY--TITLE | |
| Title | A Discovery Toys Question Book |
| 650 ## - SUBJECT ADDED ENTRY--TOPICAL TERM | |
| Topical term or geographic name as entry element | Facts. |
| Withdrawn status | Lost status | Damaged status | Use restrictions | Home library | Current library | Shelving location | Date acquired | Source of acquisition | Total Checkouts | Full call number | Barcode | Date last seen | Price effective from | Koha item type |
|---|---|---|---|---|---|---|---|---|---|---|---|---|---|---|
| Munich Library | Munich Library | Easy Reading Section | 05/26/2005 | ER W55 1985 | M2722 | 04/14/2014 | 04/14/2014 | Books |